书目信息 |
| 题名: |
西方油画名作100讲
|
|
| 作者: | 刘淳 著 | |
| 分册: | 第一讲 | |
| 出版信息: | 天津 百花文艺出版社 2007 |
|
| 页数: | 299页 | |
| 开本: | 20cm | |
| 丛书名: | 艺术名作百讲丛书 | |
| 单 册: | ||
| 中图分类: | K815.72 , J213.015 , J213.051 | |
| 科图分类: | ||
| 主题词: | 油画--鉴赏--西方国家 , 油画--画家--生平事迹--世界 | |
| 电子资源: | ||
| ISBN: | 978-7-5306-4566-6 | |
| 000 | 00924oam2 2200277 450 | |
| 001 | 07079000479 | |
| 005 | 20070721152637.57 | |
| 010 | @a978-7-5306-4566-6@dCNY31.00 | |
| 100 | @a20060301d2007 ekmy0chiy0120 ea | |
| 101 | 0 | @achi |
| 102 | @aCN@b120000 | |
| 105 | @aa z 000yd | |
| 200 | 1 | @a西方油画名作100讲@Axi fang you hua ming zuo 100 jiang@h第一讲@f刘淳著 |
| 210 | @a天津@c百花文艺出版社@d2007 | |
| 215 | @a299页@c图@d20cm | |
| 225 | 2 | @a艺术名作百讲丛书 |
| 330 | @a本书选取了西方文艺复兴至当代的五百余年中的油画名作100幅,配上千字的文字的解读,并配以画家小传,图文并茂,通俗易懂,具有知识性、普及性与可读性。 | |
| 461 | 0 | @12001 @a艺术名作百讲丛书 |
| 606 | 0 | @a油画@x鉴赏@y西方国家 |
| 606 | 0 | @a油画@x画家@x生平事迹@y世界 |
| 690 | @aK815.72@v4 | |
| 690 | @aJ213.015@v4 | |
| 690 | @aJ213.051@v3 | |
| 701 | 0 | @a刘淳@Aliu chun@4著 |
| 801 | 0 | @aCN@bTJXH@c20070721@d本社 |
| 905 | @a10447@dJ213.051@e511 | |
| 西方油画名作100讲.第一讲/刘淳著.-天津:百花文艺出版社,2007 |
| 299页:图;20cm.-(艺术名作百讲丛书) |
| ISBN 978-7-5306-4566-6:CNY31.00 |
| 本书选取了西方文艺复兴至当代的五百余年中的油画名作100幅,配上千字的文字的解读,并配以画家小传,图文并茂,通俗易懂,具有知识性、普及性与可读性。 |
| ● |
| 相关链接 |
|
|
|
|
正题名:西方油画名作100讲
索取号:J213.051/511
 
预约/预借
| 序号 | 登录号 | 条形码 | 馆藏地/架位号 | 状态 | 备注 |
| 1 | 0822952 | 208229521 | 第一样本阅览室/ [索取号:J213.051/511] | 在馆 | |
| 2 | 0822953 | 208229530 | 第一借阅区/ [索取号:J213.051/511] | 在馆 | |
| 3 | 0822954 | 208229549 | 第一借阅区/ [索取号:J213.051/511] | 在馆 | |
| 4 | 0822955 | 208229558 | 第一借阅区/ [索取号:J213.051/511] | 在馆 | |
| 5 | 0822956 | 208229567 | 第一借阅区/ [索取号:J213.051/511] | 在馆 |